All SZA Songs (October 2025) - Statistics

General Stats
  • This quiz has been taken 21 times
    7 since last reset
  • The average score is 56 of 146
Answer Stats
Year Song % Correct
2018 All The Stars (with Kendrick Lamar)
100%
Kill Bill
100%
Kill Bill (feat. Doja Cat)
100%
BMF
80%
Broken Clocks
80%
gloria (with Kendrick Lamar)
80%
2020 Good Days
80%
Nobody Gets Me
80%
2024 Saturn
80%
Snooze
80%
Snooze - Acoustic (feat. Justin Bieber)
80%
SOS
80%
20 Something
60%
30 For 30 (feat. Kendrick Lamar)
60%
Blind
60%
Diamond Boy (DTM)
60%
Doves In The Wind (feat. Kendrick Lamar)
60%
Drive
60%
F2F
60%
Far
60%
Forgiveless (feat. Ol' Dirty Bastard)
60%
Garden (Say It Like That)
60%
Get Behind Me (Interlude)
60%
Ghost in the Machine (feat. Phoebe Bridgers)
60%
Go Gina
60%
Gone Girl
60%
Hit Different (feat. The Neptunes, Pharrell Williams & Ty Dolla $ign)
60%
I Do (with Cardi B)
60%
2021 I Hate U
60%
IRL (with Lizzo)
60%
Kiss Me More (with Doja Cat)
60%
2022 Love Galore (Alt Version)
60%
Love Galore (feat. Travis Scott)
60%
Love Me 4 Me
60%
Low
60%
luther (with Kendrick Lamar)
60%
Miles
60%
2025 No More Hiding
60%
Normal Girl
60%
Open Arms (feat. Travis Scott)
60%
Open Arms (just SZA)
60%
Percolator
60%
Prom
60%
PSA
60%
Rich Baby Daddy (with Drake & Sexyy Red)
60%
Seek & Destroy
60%
Shirt
60%
Smoking on my Ex Pack
60%
Special
60%
2023 Special (with Lizzo)
60%
2017 Supermodel
60%
The Weekend
60%
Too Late
60%
Wavy (Interlude) (feat. James Fauntleroy)
60%
What Do I Do
60%
2AM
40%
Another Life
40%
Anything
40%
Awkward
40%
Babylon (feat. Kendrick Lamar)
40%
Childs Play (feat. Chance the Rapper)
40%
Chill Baby
40%
Conceited
40%
Crybaby
40%
Drew Barrymore
40%
Jodie
40%
Joni (feat. Don Toliver)
40%
2019 Just Us (with DJ Khaled)
40%
Kitchen
40%
Love Language
40%
My Turn
40%
No Love - Extended Version (with Summer Walker & Cardi B)
40%
No Love (with Summer Walker)
40%
Notice Me
40%
Pretty Little Birds (feat. Isaiah Rashad)
40%
Quicksand
40%
Scorsese Baby Daddy
40%
Slime You Out (with Drake)
40%
Sweet November
40%
Take You Down
40%
The Other Side (feat. Justin Timberlake)
40%
Tread Carefully
40%
Used (feat. Don Toliver)
40%
Warm Winds (feat. Isaiah Rashad)
40%
What Lovers Do (with Maroon 5)
40%
Advil
20%
Aftermath
20%
BEAUTIFUL (with DJ Khaled & Future)
20%
2012 Bed
20%
Bed (Reenacted) (with APSPDR+, Nemo Achida & Moruf)
20%
2015 Caretaker (with DRAM)
20%
2013 Castles
20%
Country
20%
Crack Dreams
20%
Euphraxia
20%
fue mejor (with Kali Uchis)
20%
Gods Reign (with Ab-Soul)
20%
Green Mile
20%
HiiiJack
20%
Ice.Moon
20%
Julia
20%
Just For Me (with SAINt JHN)
20%
Kismet
20%
Lonely Soul (Ab-Soul feat. Punch) / / / The Law (Prelude) (with Ab-Soul)
20%
NO SZNS (with Jean Dawson)
20%
Omega
20%
Once Upon a High
20%
Persuasive (with Doechii)
20%
Power is Power (feat. The Weeknd & Travis Scott)
20%
Pray
20%
PT Cruiser (with MoRuf)
20%
Ronnie Drake (with Isaiah Rashad)
20%
Shattered Ring
20%
Stuck in the Mud (with Isaiah Rashad)
20%
TELEKINESIS (with Travis Scott & Future)
20%
Terror.Dome
20%
The Anonymous Ones
20%
The Need to Know (with Wale)
20%
The Odyssey
20%
Time Travel Undone
20%
2014 Ur
20%
West Savannah (with Isaiah Rashad)
20%
Wings
20%
9 (with WILLOW)
0%
About A Gemini, Pt. 3 (with ImaniCarolyn)
0%
Coming Back (with James Blake)
0%
2016 Consideration (with Rihanna)
0%
DJ's Chord Organ (with Mac Miller)
0%
Down 4 Whatever (with Kingdom)
0%
Easy Bake (with Jay Rock & Kendrick Lamar)
0%
Freaky Girls (with Megan Thee Stallion)
0%
Happy Birthday (with Childish Major & Isaiah Rashad)
0%
His & Her Friend (with ScHoolboy Q)
0%
Homemade Dynamite - Remix (with Lorde, Khalid & Post Malone)
0%
Lies (with Felix Snow)
0%
Morning View (with Towkio)
0%
Neva CHange (with ScHoolboy Q)
0%
Never Lose Me - Remix (with Flo Milli & Cardi B)
0%
Redemption (with Jay Rock)
0%
Score (with Isaiah Rashad & 6LACK)
0%
Staring At The Sun (with Post Malone)
0%
Take Me Dancing (with Doja Cat)
0%
Teen Spirit
0%
Tomorrow (with KAS)
0%
untitled 04 | 08.14.2014 (with Kendrick Lamar)
0%
What Is Love (with Kingdom)
0%
No matching quizzes found
Score Distribution
Percent of People with Each Score
Percentile by Number Answered
Your Score History
You have not taken this quiz since the last reset